Espiral : estudios sobre Estado y sociedad /
Espiral. Estudios sobre Estado y Sociedad es una revista científica editada por la Universidad de Guadalajara, a través del Departamento de Estudios sobre Estado y Sociedad, cuyo primer número vio la luz en septiembre de 1994. Desde su fundación, la publicación se ha orientado al análisis crítico e...
Salvato in:
| Ente Autore: | |
|---|---|
| Natura: | Periodico |
| Lingua: | spagnolo |
| Soggetti: | |
| Tags: |
Nessun Tag, puoi essere il primo ad aggiungerne!!
|
MARC
| LEADER | 00000nas^a2200000^a^4500 | ||
|---|---|---|---|
| 001 | 000272803 | ||
| 005 | 20260513122824.0 | ||
| 009 | 20260526134148.382 | ||
| 022 | |a 1665-0565 | ||
| 037 | |a Acervo Xavier Clavigero | ||
| 041 | |a ESP | ||
| 094 | |a 42 FXC | ||
| 222 | 0 | |a Espiral :, |b (estudios sobre Estado y sociedad /) | |
| 240 | 1 | 1 | |a [Espiral: estudios sobre Estado y sociedad] |
| 245 | 0 | 0 | |a Espiral : |b estudios sobre Estado y sociedad / |
| 264 | |a Guadalajara, México : |b Universidad de Guadalajara, Centro Universitario de Ciencias Sociales y Humanidades, |c 1994- | ||
| 300 | |a volúmenes | ||
| 310 | |a Cuatrimestral | ||
| 336 | |a texto |b txt |2 rdacontenido | ||
| 337 | |a sin mediación |b n |2 rdamedio | ||
| 338 | |a volumen |b nc |2 rdasoporte | ||
| 362 | |a Vol. 1, no. 1 (sep./dic. 1994)- | ||
| 520 | |a Espiral. Estudios sobre Estado y Sociedad es una revista científica editada por la Universidad de Guadalajara, a través del Departamento de Estudios sobre Estado y Sociedad, cuyo primer número vio la luz en septiembre de 1994. Desde su fundación, la publicación se ha orientado al análisis crítico e interdisciplinario de los fenómenos políticos y sociales contemporáneos, con especial atención a los sistemas de gobierno, los movimientos sociales y las dinámicas de pobreza y desigualdad en América Latina y el Caribe. Durante su primera etapa editorial (septiembre de 1994 a diciembre de 2014), Espiral logró consolidarse como un referente académico en su campo a través de la difusión periódica de investigaciones rigurosas y debates teóricos de alcance regional. La revista tiene una periodicidad cuatrimestral y aparece regularmente en los meses de enero, mayo y septiembre, comprometida siempre con la difusión sistemática del conocimiento y con el fortalecimiento del debate académico en torno a las crisis, transformaciones y alternativas de la sociedad actual. Dirigida a investigadores, académicos y estudiantes de nivel superior, Espiral constituye un recurso especializado de gran valor para el estudio crítico del Estado y la sociedad desde una perspectiva latinoamericana. El acervo Xavier Clavigero la colecciona desde el volumen 1, número 1 (septiembre-diciembre de 1994) hasta el volumen 24, número 68 (enero-abril de 2017) | ||
| 599 | |a La numeración de las revistas del Fondo Xavier Clavigero se están adecuando al acomodo en que quedaron en el traslado al ITESO y por lo tanto comienza la numeración a partir del 1 acompañadas de FXC desde este primer semestre de 2008. Las revistas que se dieron de alta anteriormente se irán incorporando a esta numeración. | ||
| 599 | |a No vigente |b Canje | ||
| 649 | |a XX | ||
| 650 | |a Sociología - |x Publicaciones Periódicas Jaliscienses - |x Tema Principal | ||
| 650 | |a Sociología - |x Publicaciones Periódicas Mexicanas | ||
| 650 | |a Política - |x Publicaciones Periódicas Jaliscienses - |x Tema Principal | ||
| 650 | |a Política - |x Publicaciones Periódicas Mexicanas | ||
| 650 | |a Publicaciones Periódicas Jaliscienses | ||
| 650 | |a Publicaciones Periódicas Mexicanas | ||
| 710 | |a Universidad de Guadalajara. |b Centro Universitario de Ciencias Sociales y Humanidades | ||
| 910 | |a Fondo General | ||
| 920 | |a Impresos - Publicaciones Periódicas | ||
| 905 | |a 105 | ||
| 902 | |a https://opac.biblio.iteso.mx/vufind/Record/000272803 | ||